000 00549nam a22002297a 4500
003 UA-OsUOA
001 100840
007 ta
008 20130531b un ||||| |||| 00| 0 ukr d
100 _aШтемлер И.
090 _a821.161.1
_bШ89
942 _cBK
040 _aUA-OsUOA
_brus
_cUA-OsUOA
_dUA-OsUOA
245 _aПоезд
_bроман
300 _a336 с.
955 _a3
041 _arus
080 _a821.161.1
260 _aленинград
_bСоветский писатель
_c1988
650 7 _2UDC
999 _c386729
_d386729